Responses for Show #3604 - Thursday, April 13, 2000

Mike Blumenfeld game 5.

Contestants

[<< previous game]

Dana Hernandez, a motorized messenger from Richmond, California

Matt Thompson, an event producer from Burbank, California

Mike Blumenfeld, a network administrator from Minneapolis, Minnesota (whose 4-day cash winnings total $32,400)

[next game >>]

Jeopardy! Round responses

U.S. GEOGRAPHY
ROUND FOOD
PRO SPORTS
THE BILL OF RIGHTS
NUMBER, PLEASE
ENDS IN "OOK"
    $100 1
Oahu

Matt
    $100 2
Meatballs

Dana
    $100 8
Steffi Graf

Dana
    $100 26
(Mike: What is the government?)

Congress

MikeMatt
    $100 21
four and twenty

Mike
    $100 4
nook

Mike
    $200 13
the Hudson River

Mike
    $200 3
gumballs

Dana
    $200 9
(Dana: Who is Harmon?)

Kurt Warner

MikeDana
    $200 27
James Madison

Mike
    $200 22
14

Matt
    $200 15
gobbledygook

Mike
    $300 14
(Matt: What are the Poconos?)

the Appalachians

MattDana
    $300 5
macadamia nuts

Matt
    $300 10
Knickerbockers

Mike
    $300 28
New Jersey

Mike
    $300 23
(Alex: I was just there visiting Johnny's money!)

a million shares

Triple Stumper
    $300 18
Hal Holbrook

Dana
    $400 16
Lake Tahoe

Matt
    $400 6
a tangerine

Dana
    $400 11
Pedro Martínez

Mike
    $400 29
[The end-of-round signal sounds.]

the Fifth Amendment

Triple Stumper
    $1,000 24
(Alex: Less than a minute to go.)

IX (9)

Matt
    $400 19
Chinook

Mike
    $500 17
the Suwannee River

Triple Stumper
    $500 7
chickpeas (or garbanzo beans)

Matt
    $500 12
(Dana: Who is Mike Tyson?)

Evander Holyfield

MikeDana
    $500 25
20

Matt
    $500 20
Tailhook

Matt

Scores at the first commercial break (after clue 15):

Mike Matt Dana
$1,900 $600 $400

Scores at the end of the Jeopardy! Round:

Mike Matt Dana
$2,800 $3,300 $700

Double Jeopardy! Round responses

THEIR FIRST NOVELS
ALMA MATTERS
HISTORY
MOVIE REVIEWS
BIBLICAL PATRIARCHY
SPANISH GRAMMAR
    $200 10
Toni Morrison

Dana
    $200 16
Alfred Hitchcock

Mike
    $200 6
Christopher Columbus

Mike
    $200 1
The Blair Witch Project

Dana
    $200 21
a ladder

Dana
    $400 11
John Steinbeck

Mike
    $400 17
(Matt: What is a mathematician?)

an architect

Matt
Triple Stumper
    $400 7
Mulan

Matt
    $400 2
American Pie

Dana
    $400 22
Sodom

Matt
    $600 12
Aldous Huxley

Mike
    $600 18
Intolerance

Mike
    $600 8
the decimal system

Triple Stumper
    $1,300 3
Shakespeare in Love

Dana
    $600 24
(Alex: Less than a minute to go.)

Islam

Matt
    $800 13
(Matt: Who is Stryon?)

William Styron

MattDana
    $800 19
Crimean War

Mike
    $800 9
(Mike: What is Spain?)

Portugal

MikeDana
    $800 4
Eyes Wide Shut

Mike
    $800 26
Esau

Dana
    $100 27
(Dana: What are irregular verbs?)
[The end-of-round signal sounds.]

the infinitive

Dana
    $1000 15
Virginia Woolf

Mike
    $1000 20
Mimi

Dana
    $1000 14
Magnificent

Mike
    $1000 5
The Haunting

Mike
    $1000 23
Rebecca

Mike
    $1000 25
(Dana: I don't know.)

mayor

Dana
Triple Stumper

Scores at the end of the Double Jeopardy! Round:

Mike Matt Dana
$9,600 $3,500 $5,300

[wagering suggestions for these scores]

Final Jeopardy! Round responses

INTERNATIONAL ORGANIZATIONS
(Alex: Mike, we'll see you in our Tournament of Champions, but meanwhile, you have to tell us which of our beautiful automobiles or SUVs you decided to select.)
(Mike: I'll go with the Tahoe.)
MattWhat is Doctors Without Borders
$3,499
DanaWhat is Doctors Without Borders
$5,000
MikeWhat is Doctors Without Borders?
$2,400
Doctors Without Borders

Final scores:

Mike Matt Dana
$12,000 $6,999 $10,300
5-day champion: $44,400 3rd place: Polaroid Photomax digital camera creative kit 2nd place: Fisher Soundstage home theater system + DirecTV satellite service

Game dynamics:

Coryat scores:

Mike Matt Dana
$9,600 $2,900 $4,700
22 R,
2 W
12 R
(including 1 DD),
3 W
15 R
(including 1 DD),
4 W
(including 1 DD)

Combined Coryat: $17,200

[game clues] [game scores] [suggest correction]

Game tape date: 2000-02-02
The J! Archive is created by fans, for fans. Scraping, republication, monetization, and malicious use prohibited; this site may use cookies and collect identifying information. See terms. The Jeopardy! game show and all elements thereof, including but not limited to copyright and trademark thereto, are the property of Jeopardy Productions, Inc. and are protected under law. This website is not affiliated with, sponsored by, or operated by Jeopardy Productions, Inc. Join the discussion at JBoard.tv.